Diagnóstico en Mercadotecnia: identificación y solución de problemas clave

Wedi'i Gadw mewn:
Manylion Llyfryddiaeth
Prif Awdur: Fogg, C. Davis (Awdur)
Fformat: Llyfr
Iaith:Sbaeneg
Cyhoeddwyd: Ciudad de México Addison-Wesley Iberoamericana 1990
Rhifyn:1a. ed
Pynciau:
Tagiau: Ychwanegu Tag
Dim Tagiau, Byddwch y cyntaf i dagio'r cofnod hwn!

MARC

LEADER 00000cam a2200000 a 4500
001 UCD8999
003 CL-VaPUC
008 170602e19900000mx |||||||||||||||||spa|d
020 |a 9686394036 
082 0 4 |a 658.8  |b FOG  |2 21 
100 0 |a Fogg, C. Davis  |e author  |9 592645 
245 1 0 |a Diagnóstico en Mercadotecnia: identificación y solución de problemas clave 
250 |a 1a. ed 
300 |a 305 p 
942 |c BK 
945 |d 20170602 23:29:00  |a dcastane 
260 |a Ciudad de México  |b Addison-Wesley Iberoamericana  |c 1990 
650 7 |a MERCADOTECNIA  |2 CL-VaPUC  |9 347996 
650 0 |a Marketing  |9 259324 
583 |a last modification  |c 20170602 23:29:00  |k Rodrigo Vera 
999 |c 368304  |d 368302